<?xml version="1.0" encoding="UTF-8"?>
<record
    xmlns:xsi="http://www.w3.org/2001/XMLSchema-instance"
    xsi:schemaLocation="http://www.loc.gov/MARC21/slim http://www.loc.gov/standards/marcxml/schema/MARC21slim.xsd"
    xmlns="http://www.loc.gov/MARC21/slim">

  <leader>01709nam a2200241Ia 4500</leader>
  <controlfield tag="001">B7093-52321 </controlfield>
  <controlfield tag="003">IT-MiCISF</controlfield>
  <controlfield tag="005">20250212125849.0</controlfield>
  <controlfield tag="008">161014s9999||||xx |||||||||||||| ||und||</controlfield>
  <datafield tag="040" ind1=" " ind2=" ">
    <subfield code="a">IT-MiCISF</subfield>
    <subfield code="c">IT-MiCISF</subfield>
  </datafield>
  <datafield tag="041" ind1=" " ind2=" ">
    <subfield code="a">it</subfield>
  </datafield>
  <datafield tag="100" ind1=" " ind2=" ">
    <subfield code="a">Forum ANIA consumatori - Universit&#xE0; degli Studi di Milano</subfield>
    <subfield code="9">57542</subfield>
  </datafield>
  <datafield tag="245" ind1=" " ind2="0">
    <subfield code="a">La famiglia al tempo della crisi.</subfield>
    <subfield code="b">Tra vulnerabilit&#xE0; economica e nuove forme di tutela</subfield>
  </datafield>
  <datafield tag="260" ind1=" " ind2=" ">
    <subfield code="a"> Milano,</subfield>
    <subfield code="b">Franco Angeli,</subfield>
    <subfield code="c">2014</subfield>
  </datafield>
  <datafield tag="300" ind1=" " ind2=" ">
    <subfield code="a">pp. 183</subfield>
  </datafield>
  <datafield tag="500" ind1=" " ind2=" ">
    <subfield code="a">famiglia, stratificazione-sociale, politiche-sociali, territorio, esperienze </subfield>
  </datafield>
  <datafield tag="520" ind1=" " ind2=" ">
    <subfield code="a"> Crisi economica, crisi del welfare e contrazione dei redditi: un mix di fattori che rende le famiglie sempre pi&#xF9; esposte a shock di varia natura, che ne possono compromettere la stabilit&#xE0; finanziaria. Il secondo monitoraggio sulla vulnerabilit&#xE0; economica delle famiglie italiane, condotto dall'Universit&#xE0; degli Studi di Milano per il Forum ANIA - Consumatori, descrive l'evoluzione dell'"Indice di vulnerabilit&#xE0;" ed evidenzia i principali fattori di rischio, fornendo un quadro oggettivo e misurabile dei cambiamenti in atto nella nostra societ&#xE0;.Inoltre, all'interno del volume vengono approfondite le cause, i sintomi, le caratteristiche della vulnerabilit&#xE0;, che sempre pi&#xF9; tocca le famiglie del cosiddetto ceto medio, con particolare attenzione alle politiche innovative in termini di concreta integrazione tra pubblico e privato, che rispondono in maniera pi&#xF9; efficace ai bisogni sociali rispetto alle alternative esistenti. </subfield>
  </datafield>
  <datafield tag="650" ind1=" " ind2=" ">
    <subfield code="a">famiglia</subfield>
  </datafield>
  <datafield tag="654" ind1=" " ind2=" ">
    <subfield code="a">saggio</subfield>
  </datafield>
  <datafield tag="700" ind1=" " ind2=" ">
    <subfield code="a">Anderloni L., Vandone D., Maino F., Benzi E.B.</subfield>
    <subfield code="9">61496</subfield>
  </datafield>
  <datafield tag="942" ind1=" " ind2=" ">
    <subfield code="c">BK</subfield>
    <subfield code="2">ddc</subfield>
  </datafield>
  <datafield tag="999" ind1=" " ind2=" ">
    <subfield code="c">209885</subfield>
    <subfield code="d">209885</subfield>
  </datafield>
  <datafield tag="999" ind1=" " ind2=" ">
    <subfield code="b">si</subfield>
  </datafield>
  <datafield tag="952" ind1=" " ind2=" ">
    <subfield code="0">0</subfield>
    <subfield code="1">0</subfield>
    <subfield code="4">0</subfield>
    <subfield code="6">B_709352321</subfield>
    <subfield code="7">1</subfield>
    <subfield code="a">CISF</subfield>
    <subfield code="b">CISF</subfield>
    <subfield code="d">2016-10-14</subfield>
    <subfield code="l">0</subfield>
    <subfield code="o">B7093-52321 </subfield>
    <subfield code="r">2016-10-14 00:00:00</subfield>
    <subfield code="w">2016-10-14</subfield>
    <subfield code="y">BK</subfield>
    <subfield code="z">Data import 15.10.2016 / by Epidotti, Vaglietti</subfield>
  </datafield>
</record>
